| 000 | 00390nam a2200145Ia 4500 | ||
|---|---|---|---|
| 008 | 230312s9999||||xx |||||||||||||| ||und|| | ||
| 020 | _a978-8131701713 | ||
| 082 |
_a530.141 _bRAJ-E |
||
| 100 | _aRaju;G,S.N | ||
| 245 | 0 | _aElectromagnetic Field Theory and Transmission Lines | |
| 260 |
_bPearsons _aIndia _c2006 |
||
| 300 | _a584 | ||
| 650 |
_aEngineering _vElectrical/Physics |
||
| 942 | _cBK | ||
| 999 |
_c14177 _d14177 |
||